Asterix versus caesar : the book of the film
| Format: | Book |
|---|---|
| Published: |
London :
Hodder & Stoughton ,
1986
|
MARC
| LEADER | 00000cam a2200000 7i4500 | ||
|---|---|---|---|
| 001 | 0000003440 | ||
| 002 | 000003708 | ||
| 005 | 20000330.0 | ||
| 020 | |a 03403397233 | ||
| 090 | 0 | 0 | |a C |b AST |
| 245 | 0 | 0 | |a Asterix versus caesar : |b the book of the film |c Anthea Bell |
| 260 | |a London : |b Hodder & Stoughton , |c 1986 | ||
| 300 | |a 62p. ; |c 29cm. | ||
| 999 | |a 036958 |b BUKU |c CARTOON |e PERPUSTAKAAN KOMUNITI PETALING JAYA | ||